Bushy bride / (Record no. 8901)
[ view plain ]
| 000 -LEADER | |
|---|---|
| fixed length control field | 01284nam a22002777a 4500 |
| 001 - CONTROL NUMBER | |
| control field | 8901 |
| 003 - CONTROL NUMBER IDENTIFIER | |
| control field | FISKH |
| 005 - DATE AND TIME OF LATEST TRANSACTION | |
| control field | 20251030112500.0 |
| 008 - FIXED-LENGTH DATA ELEMENTS--GENERAL INFORMATION | |
| fixed length control field | 251030b cb ||||| |||| 00| 0 eng d |
| 020 ## - INTERNATIONAL STANDARD BOOK NUMBER | |
| International Standard Book Number | 9788956354163 |
| 040 ## - CATALOGING SOURCE | |
| Original cataloging agency | FISKH |
| Language of cataloging | eng |
| Transcribing agency | FISKH |
| Modifying agency | FISKH |
| 082 ## - DEWEY DECIMAL CLASSIFICATION NUMBER | |
| Classification number | 398.21 |
| 100 ## - MAIN ENTRY--PERSONAL NAME | |
| Personal name | Lang, Andrew |
| 245 ## - TITLE STATEMENT | |
| Title | Bushy bride / |
| Statement of responsibility, etc. | By Andrew Lang : Series Editor : Jason Wilburn |
| 250 ## - EDITION STATEMENT | |
| Edition statement | First published by XACT, 2009 |
| 260 ## - PUBLICATION, DISTRIBUTION, ETC. | |
| Place of publication, distribution, etc. | Seoul : |
| Name of publisher, distributor, etc. | e-future , |
| Date of publication, distribution, etc. | 2009. |
| 300 ## - PHYSICAL DESCRIPTION | |
| Extent | 34 pages : |
| Other physical details | color illustrations ; |
| Dimensions | 20 cm . |
| 490 ## - SERIES STATEMENT | |
| Series statement | My First Classic Readers |
| Volume/sequential designation | Level 4-15 |
| 505 ## - FORMATTED CONTENTS NOTE | |
| Formatted contents note | M <br/> |
| 520 ## - SUMMARY, ETC. | |
| Summary, etc. | There once was a widower who had one son and one daughter by his first wife. Both of them were nice children, and they were dearly fond of each other. After a while the man got married again. He wed a widow who had one daughter by her first husband. The girl was both hideous and mean, and the mother was too. As soon as the new wife moved into the house, the husband’s children could find no peace, not in a single nook or cranny. The boy thought it would be best to go out into the world and |
| 521 8# - TARGET AUDIENCE NOTE | |
| Target audience note | 530 <br/> |
| Source | Lexile estimate <br/> |
| 521 8# - TARGET AUDIENCE NOTE | |
| Target audience note | M <br/> |
| Source | Raz-Plus <br/> |
| 700 ## - ADDED ENTRY--PERSONAL NAME | |
| Personal name | Choi, HyeJung |
| Relator term | Illustrator |
| 942 ## - ADDED ENTRY ELEMENTS (KOHA) | |
| Source of classification or shelving scheme | Dewey Decimal Classification |
| Koha item type | Books |
| Suppress in OPAC | No |
| Withdrawn status | Lost status | Source of classification or shelving scheme | Damaged status | Not for loan | Collection | Home library | Current library | Shelving location | Date acquired | Total Checkouts | Full call number | Barcode | Date last seen | Price effective from | Koha item type |
|---|---|---|---|---|---|---|---|---|---|---|---|---|---|---|---|
| Dewey Decimal Classification | Juvenile Fiction | Footprints International School Library Network Toul Tom Poung Campus | Footprints International School Library Network Toul Tom Poung Campus | TTP Primary Yellow Bookshelves | 10/30/2025 | LAN 398.21 | FISBK072648 | 10/30/2025 | 10/30/2025 | Books |
